000 00378 a2200169 4500
001 49745
020 _a8532211186
040 _cAnchieta - Bela Vista
100 _aBelinky, Tatiana
240 1 0 _aQuem parte e reparte...
_lpor
245 1 0 _aQuem parte e reparte...
300 _a22
362 0 _a1999
440 1 _aFTD
650 4 _aLiteratura infanto-juvenil
942 _cBK
999 _c49745
_d49745